000
00418nam a22001337a 4500
003
SGT
020
_a
9788171246250
082
_a
301.2
_b
B08D
100
_a
दीक्षित, हृदय नारायण
245
_a
भारतीय संस्कृति की भूमिका
260
_b
विश्वविद्यालय प्रकाशन
_c
2008
300
_a
219
942
_2
ddc
_c
BK
999
_c
29548
_d
29548